000 00580nam a2200193Ia 4500
005 20250508164835.0
008 008 250505s9999 xx 000 0 eng d
037 _aDissertations
040 _aFEDL
_beng
_cFEDL
041 _aeng
_2eng
084 _a574.07, DUS/DI
_qFEDL
100 _aDushala Rani
_9779266
245 0 _aTeaching of biology at upper primary level : Linking theory to practical work
260 _c2009
300 _a79p.
546 _aM.Phil Dissertation, (Delhi University)
942 _cDIS
_h574.07, DUS/DI
999 _c1391513
_d1391513